000 00663nam a2200217Ia 4500
001 12675
003 GE_BSU
008 181216s||||||||xx |||||||||||||| ||und||
040 _cGE_BSU
080 _a632.934(072)
100 _aПоляков,И.М.
245 _aХимический метод защиты растении от болезней
245 _cРед.Л.Н.Жданова
260 _aЛенинград
260 _bКолос
260 _c1971
300 _a165стр.20см.
300 _eПриложение с.124-164
653 _aХимический метод защиты растении от болезней
942 _cBK
999 _c45846
_d45846